banner koha

Aspectos bacteriologico do aparelho genital suinas apos o parto em rebanhos do Rio Grande do Sul. 1. agentes etiologicos isolados a partir de disturbios puerperais no periodo de 1978 a 1984 (Registro n. 133197)

MARC details
000 -LÍDER
campo de controle de tamanho fixo 01068nas a2200313 4500
001 - NÚMERO DE CONTROLE
campo de controle BR9203517
003 - IDENTIFICADOR DO NÚMERO DE CONTROLE
campo de controle BR-BrBNA
005 - DATA E HORÁRIO DA ÚLTIMA TRANSAÇÃO
campo de controle 20231205092645.0
007 - CAMPO FIXO DE DESCRIÇÃO FÍSICA--INFORMAÇÃO GERAL
campo de controle de tamanho fixo ta
008 - CAMPO DE DADOS FIXOS--INFORMAÇÃO GERAL
campo de controle de tamanho fixo 230509b bl.|||p| |||| 00| 00por d
040 ## - FONTE DA CATALOGAÇÃO
Instituição da catalogação original BR-BrBNA
Idioma da catalogação por
Instituição que transcreveu o registro Biblioteca Nacional de Agricultura
041 ## - CÓDIGO DE IDIOMA
Código do idioma do texto/trilha sonora ou título diferente (Pt)
072 ## - CÓDIGO DE CATEGORIA DE ASSUNTO
Código de Categoria de Assunto L73
100 1# - ENTRADA PRINCIPAL--NOME PESSOAL
Nome pessoal Lindermann, T.
100 1# - ENTRADA PRINCIPAL--NOME PESSOAL
Nome pessoal Fernandes, J.C.T.
100 1# - ENTRADA PRINCIPAL--NOME PESSOAL
Nome pessoal Wentz, I.
100 1# - ENTRADA PRINCIPAL--NOME PESSOAL
Nome pessoal Ferreiro, L.
100 1# - ENTRADA PRINCIPAL--NOME PESSOAL
Nome pessoal Wents, I.
245 1# - TÍTULO
Título Aspectos bacteriologico do aparelho genital suinas apos o parto em rebanhos do Rio Grande do Sul. 1. agentes etiologicos isolados a partir de disturbios puerperais no periodo de 1978 a 1984
650 ## - ASSUNTO--TERMO TÓPICO
Cabeçalho tópico ou nome geográfico APARELHO REPRODUTOR
650 ## - ASSUNTO--TERMO TÓPICO
Cabeçalho tópico ou nome geográfico SUÍNO
650 ## - ASSUNTO--TERMO TÓPICO
Cabeçalho tópico ou nome geográfico PARTO
650 ## - ASSUNTO--TERMO TÓPICO
Cabeçalho tópico ou nome geográfico BACTERIA
650 ## - ASSUNTO--TERMO TÓPICO
Cabeçalho tópico ou nome geográfico ANALISE BACTERIOLOGICA
650 ## - ASSUNTO--TERMO TÓPICO
Cabeçalho tópico ou nome geográfico RIO GRANDE DO SUL
773 0# - ENTRADA ANALÍTICA
Título Arquivos da Faculdade de Veterinaria da Universidade Federal do Rio Grande do Sul (Brazil)
ISSN - International Standard Serial Number ISSN 0101-5230
Partes relacionadas (Dec 1985), v. 13 p. 5-9
Número de controle do registro BR9203517
909 ## -
-- 202311
-- Lúcia
-- 55
-- Lúcia Elande
942 ## - ELEMENTOS DE ENTRADA ADICIONADOS (KOHA)
Fonte da classificação ou esquema de arquivamento na estante Classificação AGRIS
Ocultar no OPAC Não
Tipo de material Koha Analítica
Exemplares
Situação do descarte Fonte da classificação ou esquema de arquivamento na estante Situação física Não pode ser emprestado Biblioteca de origem Biblioteca atual Localização na estante Enumeração do periódico / cronologia Total de empréstimos Data de último acesso Número do exemplar Tipo de material Koha Fonte de aquisição
  Classificação AGRIS   Consulta local Biblioteca Nacional de Agricultura - Binagri Biblioteca Nacional de Agricultura - Binagri   (Dec 1985), v. 13 p. 5-9   29/11/2023 01 Periódicos Portaria Interministerial nº 164/94

BINAGRI

Telefone: (61)3218-2567/2388/3357/2097 - binagri@agro.gov.br

Ministério da Agricultura e Pecuária , Esplanada dos Ministérios, Bloco D, Anexo B, Brasília/DF, CEP: 70.043-900